Construction 4.0. An Innovation Platform for the Built Environment.
Salvato in:
| Altri autori: | , , |
|---|---|
| Natura: | Sconosciuto |
| Pubblicazione: |
New York, USA; Oxford,United Kingdom:
Routledge Taylor & Francis Group,
2020.
|
| Edizione: | First edition. |
| Soggetti: | |
| Tags: |
Aggiungi Tag
Nessun Tag, puoi essere il primo ad aggiungerne!!
|
MARC
| LEADER | 00000 a2200000 4500 | ||
|---|---|---|---|
| 003 | CL-VaPUC | ||
| 005 | 20240506110357.0 | ||
| 008 | 221219t2020 ||||| |||| 00| 0 eng d | ||
| 999 | |c 439283 |d 439281 | ||
| 020 | |a 978-0-367-02730-8 (hbk) | ||
| 040 | |c Pontificia Universidad Católica de Valparaíso | ||
| 082 | 7 | |a 720.285 SAW 2020 |2 23 | |
| 100 | |a Sawhney, Anil |9 878305 |e editor | ||
| 245 | |a Construction 4.0. |b An Innovation Platform for the Built Environment. | ||
| 250 | |a First edition. | ||
| 260 | |a New York, USA; |a Oxford,United Kingdom: |b Routledge Taylor & Francis Group, |c 2020. | ||
| 300 | |a 490 páginas. | ||
| 583 | |k GC |c 20221219 | ||
| 650 | 0 | |a Industria de la construcción |9 267175 | |
| 650 | |a Modelado de información de construcción |9 879444 | ||
| 650 | 0 | |a Arquitectura |9 885295 |x Composición | |
| 700 | |a Riley, Mike |e editor |9 879375 | ||
| 700 | |a Irizarry, Javier |e editor |9 879376 | ||
| 942 | |2 ddc |c BK | ||
| 952 | |0 0 |1 0 |2 ddc |4 0 |6 720_285000000000000_SAW_2020 |7 0 |8 A |9 588259 |a BIBING |b BIBING |c GEN |d 2022-12-15 |e 74 |g 146232.00 |i 5656055 |o 720.285 SAW 2020 |p 5656055 |r 2025-01-20 |t 1 |v 146232.00 |w 2022-12-15 |y BK |k CIC | ||